000 00809cam a22002534a 4500
001 13159187
005 20180208031952.0
008 030411s2004 njua b 001 0 eng
010 _a 2003008593
020 _a0130474789 (pbk.)
040 _aDLC
_cDLC
_dDLC
041 _aeng
042 _apcc
043 _an-us---
080 _a373.1102 LAN
082 0 0 _a373.1102 LAN
_221
100 _a48
101 _aEDU
245 0 0 _aTeaching as decision making :
_cGeorgea M. Sparks-Langer ... [et al.].
504 _aIncludes bibliographical references and index.
906 _a7
_bcbc
_corignew
_d1
_eecip
_f20
_gy-gencatlg
942 _2ddc
_cBK
999 _c42057
_d42057